Vplyv veterných elektrární na elektrizačnú sústavu Slovenska : Dát. ohaj., 20.10.2010, čís. ved. odb. 26-34-9

Uložené v:
Podrobná bibliografia
Hlavný autor: Kósa, Karol, 1978- (Autor)
Ďalší autori: Reváková, Daniela, 1945- (Vedúci práce)
Médium: Rukopis Kniha
Jazyk:Slovak
Vydavateľské údaje: Bratislava : STU v Bratislave FEI, 2010
Predmet:
Tagy: Pridať tag
Žiadne tagy, Buďte prvý, kto otaguje tento záznam!

MARC

LEADER 00000ntm a22000003a 4500
001 stu218584
005 20160719165136.5
008 101206s2005------------------------slo-d
040 |a STU  |b slo 
041 0 |a slo 
100 1 |a Kósa, Karol,  |d 1978-  |4 aut  |X 5490  |7 A000005490 
245 1 |a Vplyv veterných elektrární na elektrizačnú sústavu Slovenska :  |b Dát. ohaj., 20.10.2010, čís. ved. odb. 26-34-9 
260 |a Bratislava :  |b STU v Bratislave FEI,  |c 2010 
300 |a 105 s 
650 7 |a veterné elektrárne  |2 stusub 
650 7 |a elektrizačná sústava (ES)  |2 stusub 
700 1 |a Reváková, Daniela,  |d 1945-  |4 ths  |u E130  |U FEI Fakulta elektrotechniky a informatiky  |T FEI Katedra elektroenergetiky  |X 2084  |U E130  |Y 59  |7 A000002084 
996 |b 284ED01302  |c E*ZP-166  |l EE01  |s A  |a 24  |w stu218584_0001